| 000 | 00893nam a22001577a 4500 | ||
|---|---|---|---|
| 003 | OSt | ||
| 005 | 20151008135243.0 | ||
| 008 | 151008b xxu||||| |||| 00| 0 eng d | ||
| 040 | _cRUA | ||
| 082 | _aAVM MEA 2007 B080 Or.1 | ||
| 100 |
_92357 _aMEAS, SOKHENG. |
||
| 245 | _aThe effect of using dry wild taro leaves replace soy bean on performance of broiler chicken in royal university of agriculture, ប្រសិទ្ថភាពនៃការប្រើប្រាស់ស្លឹកត្រាវព្រៃក្រៀមជំនួសសណ្តែកសៀងលើការលូតលាស់របស់មាន់សាច់ នៅស្ថានីយ៏ចិញ្ចឹមសត្វនៃសាកលវិទ្យាល័យភូមិន្ទកសិកម្ម | ||
| 260 |
_aPhnom Penh _bRUA _c2007 |
||
| 300 |
_aiv; 37p. _bill. _c29cm. |
||
| 942 |
_2ddc _cAVM |
||
| 999 |
_c2219 _d2219 |
||